000 00330nam a2200169Ia 4500
100 _aAkerkar/Rajendra
650 _aBig data
942 _cRB
366 _f25
654 _abig data computing
245 _aBig Data computing
260 _bCRC
_c2014
082 _bAKE
300 _a542
546 _aENGLISH
999 _c33581
_d33581